000 00415ngm a22001810a 4500
001 PT38330
003 AR-LpoUNG
005 20210202000518.0
007 vd cvaizq
008 191001s1984||||ag |||||||||||||||||eng d
040 _aAR-LpoUNG
_bspa
_cAR-LpoUNG
_eaacr
041 _aeng
_aspa
100 1 _aOrwell, George (documental)
245 1 0 _a1984
260 _as.l.
_bs.e.
_c1984.
905 _a38330
942 _cDVD
999 _c55005
_d55005